| 000 | 00339nam a22001217a 4500 | ||
|---|---|---|---|
| 040 | _cHS | ||
| 082 | _a301 ALA 1971 C085 | ||
| 100 | _aALAIN C. ENTHOVEN | ||
| 245 | _aPollution, resources, and the environment : an introduction to a current issue of public policy | ||
| 260 |
_aNA _bALAIN C. ENTHOVEN _c1971 |
||
| 300 | _a285p; | ||
| 942 | _cEK | ||
| 999 |
_c11050 _d11050 |
||